Представление документа в формате RUSMARC

ПолеНазваниеЗначение
  Тип записи i
  Библиографический уровень m
001 Контрольный номер RU/IS/BASE/503593529
005 Дата корректировки 20201206205000.2
010 Индекс ISBN __
a ISBN (в кор.)
d Цена 149-75
100 Данные общей обработки __
a Данные общей обработки 19151216d2006||||||| 0engy0189 ca
101 Язык документа 0_
a Язык текста eng
102 Страна публикации __
a Страна публикации ru|
105 Кодированные данные (монография) __
a Кодированные данные (монография) nn|||||||||zy
127 Кодированные данные (звукозаписи-физические характеристики) __
a Продолжительность проигрывания 02 ч 19 мин
200 Заглавие и сведения об ответственности 1_
a Заглавие The man that Corrupted Hadleyburg
e Сведения, относящиеся к заглавию [аудиокнига на английском языке : 12+]
f Первые сведения об ответственности Mark Twain ; read by Cora McDonald ; [звукорежиссер М. Ашарин ; выпускающий редактор А. Коляскина]
b Общее обозначение материала Звукозапись
200 Заглавие и сведения об ответственности __
d Параллельное заглавие Человек, который совратил Гедлиберг
210 Выходные данные __
a Место издания Москва
c Издательство АРДИС
d Дата издания 2006
215 Физическое описание __
a Объем 1 электрон. опт. диск (Audio CD)
c Иллюстрации/тип воспроизводства mp3, mono
d Формат 12х14 см
225 Серия __
a Серия Литература на иностранных языках
230 Специфическая характеристика материала: электронные ресурсы __
a Обозначение и объем ресурса Электронные звуковые данные
300 Общие примечания __
a Общие примечания Текст прочитан по изд.: Избранные рассказы : сборник : на английском языке / Марк Твен.-Москва : Менеджер, 2004
300 Общие примечания __
a Общие примечания Загл. с этикетки диска
300 Общие примечания __
a Общие примечания На английском языке
323 Примечание о главных создателях, исполнителях, участниках __
a Примечание о главных создателях, исполнителях, участниках McDonald, C. (read by)
327 Примечание о содержании __
a Примечание о содержании Человек, который совратил Гедлиберг
330 Аннотация __
a Аннотация В новелле "The Man that Corrupted Hadleyburg" ("Человек, который совратил Гедлиберг") некий человек, случайно уязвленный добропорядочными гражданами маленького городка, жестоко мстит им, сооружая хитроумную интригу. Честное имя тихого Гедлиберга уничтожено - с жителей слетают маски, их грехи и пороки предстают перед читателем во всей красе.
333 Примечание о целевом назначении __
a Примечание о целевом назначении 12+. Для детей старше 12 лет
337 Примечание о системных требованиях (электронные ресурсы) __
a Примечание о системных требованиях (электронные ресурсы) Системные требования: MS Windows ; Pentium 100 ; RAM 16 Mb; CD-ROM; SVGA 800x600; звуковая карта; аудиосистемы с поддержкой MP3
517 Другие варианты заглавия __
a Другие варианты заглавия The man that Corrupted Hadleyburg
606 Тематические рубрики __
a Основная рубрика Художественная литература
606 Тематические рубрики __
a Основная рубрика Литература Америки (произведения)
y Географическая подрубрика США
610 Ключевые слова __
a Ключевые слова американская литература
a Ключевые слова английский язык
a Ключевые слова зарубежная литература
a Ключевые слова романы
a Ключевые слова тема интриг
a Ключевые слова тема мести
a Ключевые слова тема обиды
686 Индексы других классификаций __
2 Код системы rubbks
a Классификационный индекс 84(7Сое)53-4я04
700 Автор _1
a Фамилия Twain
b Имя M.
f Даты 1835-1910
g Полное личное имя Mark
4 Код отношения 070
702 Вторичная интеллектуальная ответственность _1
a Фамилия Ашарин
b Имя М.
4 Код отношения Звукорежиссер
4 Код отношения 570
702 Вторичная интеллектуальная ответственность _1
a Фамилия Коляскина
b Имя А.
4 Код отношения Редактор
4 Код отношения 340
790 Имя лица - альтернативная форма __
a Имя лица - альтернативная форма Твен, М.
801 Источник записи _0
a Страна ru
b Организация Муниципальное бюджетное учреждение культуры "Централизованная библиотечная система" г. Сургут (Центральная городская библиотека им. А. С. Пушкина)
c Дата составления 20151216
g Правила каталогизации КиК/Апакова
801 Источник записи _1
a Страна ru
b Организация Муниципальное бюджетное учреждение культуры "Централизованная библиотечная система" г. Сургут (Центральная городская библиотека им. А. С. Пушкина)
c Дата составления 20151216
g Правила каталогизации КиК/Апакова
852 Данные о местонахождении __
j Шифр хранения 84(7Сое)53-4я04
i Авторский знак T 98
901 Тип документа __
t Тип документа 0
903 Характеристики (МАРС) __
a Дата передачи 20151216
969 Тип издания __
a Тип издания аудиокнига; издание для слепых
990 Данные о заказе (DOS) __
j Количество экземпляров (DOS) 1
t N записи в КСУ для И/У (DOS) 201601